Chuyên đề bồi dưỡng giáo viên Trung học Phổ thông môn Hoá học /

Spremljeno u:
Bibliografski detalji
Autor kompanije: Dự án Phát triển Giáo viên Trung học Phổ thông & Trung học Chuyên nghiệp.
Format: Sách giấy
Jezik:Vietnamese
Izdano: H. : Văn hoá-Thông tin, 2013.
Serija:Dự án Phát triển Giáo viên Trung học Phổ thông & Trung học Chuyên nghiệp
Teme:
Oznake: Dodaj oznaku
Bez oznaka, Budi prvi tko označuje ovaj zapis!
Thư viện lưu trữ: Thư viện Trường Đại học Đà Lạt
LEADER 01085nam a2200313 4500
001 DLU140159999
005 ##20140219
040 # # |a DLU  |b vie 
041 # # |a vie 
044 # # |a vn 
082 # # |a 540.712  |b DUA 
110 # # |a Dự án Phát triển Giáo viên Trung học Phổ thông & Trung học Chuyên nghiệp. 
245 # # |a Chuyên đề bồi dưỡng giáo viên Trung học Phổ thông môn Hoá học /  |c Dự án Phát triển Giáo viên Trung học Phổ thông & Trung học Chuyên nghiệp. 
260 # # |a H. :  |b Văn hoá-Thông tin,  |c 2013. 
300 # # |a 263 tr. :  |b minh hoạ ;  |c 27 cm. 
490 # # |a Dự án Phát triển Giáo viên Trung học Phổ thông & Trung học Chuyên nghiệp 
504 # # |a Tài liệu tham khảo: tr.176 
650 # # |a Giáo dục đại học  |x Chương trình giảng dạy  |z Việt Nam. 
923 # # |a 11/2013 
991 # # |a SH 
992 # # |a 13200 
994 # # |a DLU 
900 # # |a True 
911 # # |a Đào Thị Thu Huyền 
925 # # |a G 
926 # # |a A 
927 # # |a SH 
980 # # |a Thư viện Trường Đại học Đà Lạt